Представление документа в формате RUSMARC

ПолеНазваниеЗначение
  Тип записи a
  Библиографический уровень m
001 Контрольный номер 7431238ca61b4d0ab91740db06494b30
005 Дата корректировки 20140602115118.4
010 Индекс ISBN __
a ISBN 978-5-9558-00124-7
010 Индекс ISBN __
a ISBN 978-5-16-003867-4
101 Язык документа 0_
a Язык текста rus
102 Страна публикации __
a Страна публикации RU
200 Заглавие и сведения об ответственности 1_
a Заглавие Разработка рекламного продукта
e Сведения, относящиеся к заглавию учеб. пособие для вузов
f Первые сведения об ответственности А. А. Романов, Г. А. Васильев, В. А. Поляков
210 Выходные данные 1_
c Издательство Вузовский учебник: ИНФРА-М
a Место издания М.
d Дата издания 2010
215 Физическое описание __
a Объем 256 с.
225 Серия 2_
a Серия Вузовский учебник
300 Общие примечания __
a Общие примечания гриф УМО
610 Ключевые слова 0_
a Ключевые слова реклама
a Ключевые слова маркетинг
a Ключевые слова рекламный рынок
a Ключевые слова моделирование товара в рекламе
a Ключевые слова рекламоспособность товара
a Ключевые слова рекламная компания
a Ключевые слова эффективность рекламной деятельности
a Ключевые слова гриф УМО
a Ключевые слова учебное пособие
a Ключевые слова <032401>
686 Индексы других классификаций __
a Классификационный индекс 65.050.9(2)28я73
2 Код системы rubbk
700 Автор _1
a Фамилия Романов
b Имя А. А.
701 Альтернативная интеллектуальная ответственность _1
a Фамилия Васильев
b Имя Г.А.
701 Альтернативная интеллектуальная ответственность _1
a Фамилия Поляков
b Имя В.А.
801 Источник записи _0
a Страна RU
b Организация РУК
c Дата составления 20101015
g Правила каталогизации PSBO
801 Источник записи _1
a Страна RU
b Организация РУК
c Дата составления 20101015
g Правила каталогизации PSBO
852 Данные о местонахождении __
i Авторский знак Р 69
j Шифр хранения ББК 65.050
901 Тип документа __
t Тип документа m
938 Служебная информация __
a Название организации Головной вуз
b Имя БД BOOK
c Название АИБС АИБС ИРБИС
952 Тип литературы __
b Гриф литературы для ВШ гриф УМО